The Manufacturing Guides Product & Furniture Design / (Record no. 32845)

000 -LEADER
fixed length control field 00432nam a22001697a 4500
003 - CONTROL NUMBER IDENTIFIER
control field NUST
020 ## - INTERNATIONAL STANDARD BOOK NUMBER
International Standard Book Number 978-0-500-289198
038 ## - RECORD CONTENT LICENSOR
Staff Name khadija
082 ## - DEWEY DECIMAL CLASSIFICATION NUMBER
Classification number 670.247452
Author Mark THO
100 ## - MAIN ENTRY--PERSONAL NAME
Personal name Thompson, Rob.
9 (RLIN) 86604
245 ## - TITLE STATEMENT
Title The Manufacturing Guides Product & Furniture Design /
Statement of responsibility, etc. Rob Thompson
260 ## - PUBLICATION, DISTRIBUTION, ETC.
Place of publication, distribution, etc. New York :
Name of publisher, distributor, etc. Thames & Hudson,
Date of publication, distribution, etc. 2011.
300 ## - PHYSICAL DESCRIPTION
Extent 192 p. ;
500 ## - GENERAL NOTE
General note Paperback.
563 ## - BINDING INFORMATION
Binding note PB
942 ## - ADDED ENTRY ELEMENTS (KOHA)
Koha item type Book
Source of classification or shelving scheme
Holdings
Withdrawn status Lost status Source of classification or shelving scheme Damaged status Not for loan Permanent Location Current Location Shelving location Date acquired Full call number Barcode Date last seen Price effective from Koha item type
          School of Mechanical & Manufacturing Engineering (SMME) School of Mechanical & Manufacturing Engineering (SMME) General Stacks 12/01/2015 670.247452 THO SMME-1694 03/29/2018 12/01/2015 Book
© 2023 Central Library, National University of Sciences and Technology. All Rights Reserved.